000 00785nam a2200265Ia 4500
003 OSt
005 20220924115811.0
006 a|||||r|||| 00| 0
007 ta
008 220923b |||||||| |||| 00| 0 urd d
020 _a9789350737491 (hbk)
020 _c150
024 _a289485
037 _b4690, 09/03/2016, Kitabi Duniya
_cTextual
040 _aARTS
_cARTS
_burd
041 _2urd
_aurd
082 _aO168,1M71:g, Q5
100 _aJogan Naina
_9179635
245 0 _aZafar Ali Khan
_b Shair aur sahafi
260 _aDelhi
_bEducational Publishing House India
_c2015
300 _a112p.
_ccm.
650 _aURDU LITERATURE
942 _hO168,1M71:g, Q5
_cTEXL
_2CC
999 _c399943
_d399943